00514 2200193 4500001002100000005001500021035002000036245004600056100001400102250001000116300004000126260004600166082000800212084001400220020001900234600002400253600002300277990002000300INLIS00000000000526320250220101133 a0010-02250000771 aTeruslah Bodoh Jangan Pintar /cTere Liye0 aTere Liye aCet.1 a371 hlm, :bilus ;c13,5 x 19,5 cm. aDepok; :bPT Sabak Grip Nusantara,c2024. a813 a813 TER t a978623888220-5 aEditor,Diana Hayati aDesain Cover,Orkha a16127/P/BL/2025